01071nam0a22002411 4500001001100000005001700011035002600028100004100054101000800095102000700103105001800110200028400128210003500412215002300447320005100470606005500521686001900576702007300595712010200668801001800770801002200788852001900810rc\227463520260406135532.0 a(NLR Aleph) 006554926 a20110829d1979 |||y0rusy50 ca0 arus aRU aa j |||||1 aВопросы селекции, кормления и содержания сельскохозяйственных животныхe[Сб. статей]fТадж. НИИ животноводстваg[Редкол.: С.И. Фарсыханов (отв. ред.) и др.] aДушанбеcНИИЖd1979 a185 с.cил.d20 aБиблиогр. в конце статей aЖивотноводствоyТаджССР2psbo aП5я432rubbk 1aФарсыхановbС.И.gСадыр Ишанханович434002aТаджикский НИИ животноводстваcДушанбе3RU\NLR\AUTH\889918506 0aRUbNLRgpsbo 1aRUbELAR2rusmarc aNLRj79-3/9280